00621nam a2200193 a 450000100100000000500170001000800410002702000150006804000250008308200130010810000250012124500550014626000360020130000190023749000180025683000250027495201110029999900170041000004266420201002040317.0140204s1995 enk 000 0 spa d a0146000196 aDO-SdBNPbspacBNPHU axxxbxxx1 aBoyd, William96995110aKilling Lizards And Other Stories /cWilliam Boyd. aLondon :bPenguin Books,c1995. a83 p. ;c14 p.1 aPenguinv60 s 0aPenguinn60 s969952 001050718MOaGRbGRcCTd2014-02-04iLF1l0oxxx xxxp42664-10r2020-06-25w2020-06-25y1ZNo se presta c42153d42153